La interceptación de comunicaciones telefónicas en el proceso penal y disciplinario / (Registro nro. 4685)
[ vista simple ]
| 000 -LEADER | |
|---|---|
| fixed length control field | 01524nam a2200301Ia 4500 |
| 003 - CONTROL NUMBER IDENTIFIER | |
| control field | OSt |
| 005 - DATE AND TIME OF LATEST TRANSACTION | |
| control field | 20200811151511.0 |
| 008 - FIXED-LENGTH DATA ELEMENTS--GENERAL INFORMATION | |
| fixed length control field | 191128s2007 c fr 000 0 s d |
| 020 ## - INTERNATIONAL STANDARD BOOK NUMBER | |
| International Standard Book Number | 9789588295312 |
| 040 ## - CATALOGING SOURCE | |
| Original cataloging agency | CO-JMCR |
| Transcribing agency | CO-JMCR |
| 041 0# - LANGUAGE CODE | |
| Language code of text/sound track or separate title | spa |
| 082 04 - DEWEY DECIMAL CLASSIFICATION NUMBER | |
| Classification number | 343.0994 / |
| Item number | F222i |
| Edition number | 23 |
| 100 1# - MAIN ENTRY--PERSONAL NAME | |
| Personal name | Farfán Molina, Francisco Javier, |
| Relator term | autor |
| 9 (RLIN) | 8599 |
| 245 13 - TITLE STATEMENT | |
| Title | La interceptación de comunicaciones telefónicas en el proceso penal y disciplinario / |
| Statement of responsibility, etc. | Francisco Farfán Molina |
| 250 ## - EDITION STATEMENT | |
| Edition statement | Primera edición |
| 260 ## - PUBLICATION, DISTRIBUTION, ETC. | |
| Place of publication, distribution, etc. | Bogotá : |
| Name of publisher, distributor, etc. | Procuraduría General de la Nación, |
| Date of publication, distribution, etc. | 2007 |
| 300 ## - PHYSICAL DESCRIPTION | |
| Extent | 231 páginas ; |
| Dimensions | 24 cm. |
| 490 0# - SERIES STATEMENT | |
| Series statement | Derecho penal ; |
| Volume/sequential designation | 9 |
| 504 ## - BIBLIOGRAPHY, ETC. NOTE | |
| Bibliography, etc. note | Bibliografía: páginas 225-231 |
| 505 0# - FORMATTED CONTENTS NOTE | |
| Formatted contents note | Diligencias investigativas que restringen derechos fundamentales y principio de proporcionalidad -- Requisitos mínimos de la intervención telefónica legítima -- El objeto de la injerencia -- Derecho fundamental al secreto de las comunicacionese |
| 520 3# - SUMMARY, ETC. | |
| Summary, etc. | Las constituciones políticas reconocen generalmente, en su parte dogmática, el secreto de las comunicaciones como un derecho fundamental de aplicación inmediata y exigible judicialmenten, que garantiza al ciudadano la libertad para sustraer. |
| 650 14 - SUBJECT ADDED ENTRY--TOPICAL TERM | |
| Topical term or geographic name entry element | Intervenciones telefónicas |
| General subdivision | legislación |
| 9 (RLIN) | 8600 |
| 650 14 - SUBJECT ADDED ENTRY--TOPICAL TERM | |
| Topical term or geographic name entry element | Telecomunicaciones |
| General subdivision | legislación |
| Source of heading or term | |
| Geographic subdivision | Colombia |
| 9 (RLIN) | 8601 |
| 650 14 - SUBJECT ADDED ENTRY--TOPICAL TERM | |
| Topical term or geographic name entry element | Derecho penal |
| Geographic subdivision | Colombia |
| 9 (RLIN) | 8555 |
| 650 14 - SUBJECT ADDED ENTRY--TOPICAL TERM | |
| Topical term or geographic name entry element | Proceso penal |
| Geographic subdivision | Colombia |
| 9 (RLIN) | 8602 |
| 650 14 - SUBJECT ADDED ENTRY--TOPICAL TERM | |
| Topical term or geographic name entry element | Proceso disciplinario |
| Geographic subdivision | Colombia |
| 9 (RLIN) | 8603 |
| 942 ## - ADDED ENTRY ELEMENTS (KOHA) | |
| Source of classification or shelving scheme | Dewey Decimal Classification |
| Koha item type | Books |
| Withdrawn status | Lost status | Source of classification or shelving scheme | Damaged status | Not for loan | Collection code | Home library | Current library | Date acquired | Source of acquisition | Full call number | Barcode | Date last seen | Copy number | Koha item type |
|---|---|---|---|---|---|---|---|---|---|---|---|---|---|---|
| Dewey Decimal Classification | Non-fiction | Biblioteca Pública José María del Castillo y Rada | Biblioteca Pública José María del Castillo y Rada | 12/01/2017 | Donación | 343.0994 / F222i | 230002314 | 05/16/2024 | Ej.1 | Books |